[Event "Catalunya-chT Gp2"]
[Site "Barcelona"]
[Date "2024.02.10"]
[Round "4.3"]
[White "Bagheri, Amir"]
[Black "Pozanco Romasanta, Marc"]
[Result "1-0"]
[WhiteElo "2381"]
[BlackElo "2033"]
[PlyCount "87"]
[EventDate "2024.01.20"]
[EventType "team-tourn"]
[EventRounds "7"]
[EventCountry "ESP"]
[SourceTitle "CB11_2024"]
[SourceDate "2024.03.13"]
[SourceVersion "1"]
[SourceVersionDate "2024.03.13"]
[SourceQuality "1"]
[WhiteTeam "Platja D'Aro"]
[BlackTeam "Llinars"]
[WhiteTeamCountry "ESP"]
[BlackTeamCountry "ESP"]

1. d4 d5 2. Nf3 e6 3. Bf4 Nf6 4. e3 c5 5. Nbd2 Nc6 6. Bb5 Bd7 7. c3 a6 8. Bd3 b5 9. 0-0 Nh5 10. Bg5 Be7 11. Bxe7 Qxe7 12. a4 Rb8 13. axb5 axb5 14. Ne5 Nxe5 15. dxe5 g6 16. Ra7 0-0 17. b4 Rfd8 18. Qb1 Ra8 19. Rb7 Rdb8 20. Rxb8+ Rxb8 21. Rc1 Rc8 22. Rd1 Bc6 23. bxc5 Qxc5 24. Rc1 Qa3 25. Rc2 Bd7 26. Nb3 Ra8 27. Nd4 b4 28. g4 b3 29. Rb2 Ng7 30. Rxb3 Qf8 31. f4 h5 32. h3 Qd8 33. Kg2 hxg4 34. hxg4 Qh4 35. Be2 Rc8 36. Qf1 Qd8 37. Qe1 Qa5 38. Qd2 Qa1 39. Bd3 Ba4 40. Nc2 Qa2 41. Ra3 Qb2 42. Rxa4 Rxc3 43. Ra8+ Kh7 44. Kg3 1-0

[Event "EU Small Countries ol 8th"]
[Site "St Helier"]
[Date "2023.11.03"]
[Round "8.1"]
[White "Michaelides, Konstantinos"]
[Black "Bagheri, Amir"]
[Result "1-0"]
[WhiteElo "2275"]
[BlackElo "2388"]
[PlyCount "49"]
[EventDate "2023.10.29"]
[EventType "team-tourn"]
[EventRounds "9"]
[EventCountry "GCI"]
[SourceTitle "Mega2024 Update 01"]
[Source "Chessbase"]
[SourceDate "2023.11.12"]
[SourceVersion "1"]
[SourceVersionDate "2023.11.12"]
[SourceQuality "1"]
[WhiteTeam "Cyprus"]
[BlackTeam "Monaco"]
[WhiteTeamCountry "CYP"]
[BlackTeamCountry "MNC"]

1. d4 Nf6 2. Nf3 d5 3. c4 e6 4. g3 Be7 5. Bg2 0-0 6. 0-0 dxc4 7. Ne5 Nc6 8. Nxc6 bxc6 9. Na3 Bxa3 10. bxa3 Nd5 11. Qa4 Nb6 12. Qa5 Bd7 13. Bf4 Qe7 14. Bxc7 Nd5 15. e4 Nxc7 16. Qxc7 Rfc8 17. Qa5 c5 18. d5 exd5 19. exd5 Qd6 20. Qc3 Rab8 21. Rfd1 Re8 22. Bf1 Bb5 23. Bxc4 Re4 24. Bxb5 Rxb5 25. Qd3 1-0

[Event "EU Small Countries ol 8th"]
[Site "St Helier"]
[Date "2023.11.01"]
[Round "5.1"]
[White "Bagheri, Amir"]
[Black "Ferster, Fabian"]
[Result "1/2-1/2"]
[WhiteElo "2388"]
[BlackElo "2162"]
[PlyCount "63"]
[EventDate "2023.10.29"]
[EventType "team-tourn"]
[EventRounds "9"]
[EventCountry "GCI"]
[SourceTitle "Mega2024 Update 01"]
[Source "Chessbase"]
[SourceDate "2023.11.12"]
[SourceVersion "1"]
[SourceVersionDate "2023.11.12"]
[SourceQuality "1"]
[WhiteTeam "Monaco"]
[BlackTeam "Liechtenstein"]
[WhiteTeamCountry "MNC"]
[BlackTeamCountry "LIE"]

1. d4 Nf6 2. Bg5 d5 3. Bxf6 gxf6 4. e3 c5 5. c4 cxd4 6. Qxd4 Be6 7. cxd5 Qxd5 8. Qxd5 Bxd5 9. Nc3 Bc6 10. Bb5 e6 11. Nge2 Rg8 12. g3 Bb4 13. 0-0-0 Ke7 14. Bxc6 Nxc6 15. a3 Ba5 16. Ne4 Ne5 17. Kb1 Rgd8 18. h3 Rac8 19. Rxd8 Rxd8 20. g4 Nf3 21. Rc1 Nd2+ 22. Nxd2 Rxd2 23. Rc2 Rd1+ 24. Ka2 Rh1 25. b4 Bb6 26. Nf4 Rh2 27. Kb3 Kd7 28. a4 Bc7 29. Nh5 Bd8 30. Nf4 Bc7 31. Nh5 Bd8 32. Nf4 1/2-1/2

[Event "EU Small Countries ol 7th"]
[Site "Sliema"]
[Date "2021.12.04"]
[Round "9.4"]
[White "Bagheri, Amir"]
[Black "Mannhart, Marcel"]
[Result "1-0"]
[WhiteElo "2350"]
[BlackElo "2142"]
[PlyCount "109"]
[EventDate "2021.11.28"]
[EventType "team-tourn"]
[EventRounds "9"]
[EventCountry "MLT"]
[SourceTitle "EXT 2023"]
[Source "ChessBase"]
[SourceDate "2022.10.05"]
[SourceVersion "1"]
[SourceVersionDate "2022.10.05"]
[SourceQuality "1"]
[WhiteTeam "Monaco"]
[BlackTeam "Liechtenstein"]
[WhiteTeamCountry "MNC"]
[BlackTeamCountry "LIE"]

1. e4 c5 2. Nf3 g6 3. c3 d5 4. exd5 Qxd5 5. d4 Bg7 6. dxc5 Qxc5 7. Be3 Qc7 8. Na3 a6 9. Nc4 Nd7 10. a4 Ngf6 11. Be2 0-0 12. Bd4 Ne8 13. 0-0 Nc5 14. Re1 Be6 15. Bxg7 Nxg7 16. Nd4 Bd7 17. Bf3 Nce6 18. Ne5 Bc8 19. Qb3 Kh8 20. Rad1 f6 21. Nc4 Rb8 22. a5 Nc5 23. Qb4 e5 24. Nc6 bxc6 25. Qxc5 Be6 26. Nb6 Rbd8 27. Qxc6 Qxc6 28. Bxc6 Bb3 29. Rxd8 Rxd8 30. Bb7 Rd2 31. Rb1 Bc2 32. Rc1 Bd3 33. b4 Ne6 34. g3 e4 35. h4 g5 36. Bc8 Nc7 37. hxg5 fxg5 38. c4 Rb2 39. b5 axb5 40. Nd5 b4 41. Nxc7 b3 42. Rc3 Rb1+ 43. Kh2 Be2 44. Bf5 Bd3 45. a6 Bc2 46. a7 Ra1 47. a8Q+ Rxa8 48. Nxa8 b2 49. Rxc2 b1Q 50. Bxe4 g4 51. c5 Qe1 52. Bg2 Qd1 53. Rc4 Qe2 54. Rf4 h5 55. c6 1-0

[Event "EU Small Countries ol 7th"]
[Site "Sliema"]
[Date "2021.12.01"]
[Round "6.1"]
[White "Ziska, Helgi Dam"]
[Black "Bagheri, Amir"]
[Result "1-0"]
[WhiteElo "2541"]
[BlackElo "2350"]
[PlyCount "45"]
[EventDate "2021.11.28"]
[EventType "team-tourn"]
[EventRounds "9"]
[EventCountry "MLT"]
[SourceTitle "CBM 205 Extra"]
[Source "ChessBase"]
[SourceDate "2022.01.31"]
[SourceVersion "1"]
[SourceVersionDate "2022.01.31"]
[SourceQuality "1"]
[WhiteTeam "Faroe Islands"]
[BlackTeam "Monaco"]
[WhiteTeamCountry "FAI"]
[BlackTeamCountry "MNC"]

1. e4 c6 2. Nc3 d5 3. Nf3 dxe4 4. Nxe4 Nf6 5. Qe2 Nxe4 6. Qxe4 Qa5 7. b4 Qf5 8. Qe3 Qe6 9. Be2 Qxe3 10. fxe3 Bf5 11. d3 e5 12. 0-0 Bg4 13. h3 Bxf3 14. Bxf3 Nd7 15. b5 cxb5 16. Bxb7 Rb8 17. Bc6 f6 18. Rb1 b4 19. c4 Rb6 20. Bb5 Bc5 21. Re1 Kd8 22. Bb2 Rd6 23. d4 1-0

[Event "EU Small Countries ol 7th"]
[Site "Sliema"]
[Date "2021.11.28"]
[Round "1.3"]
[White "Darmanin, Jake"]
[Black "Bagheri, Amir"]
[Result "0-1"]
[WhiteElo "2106"]
[BlackElo "2350"]
[PlyCount "94"]
[EventDate "2021.11.28"]
[EventType "team-tourn"]
[EventRounds "9"]
[EventCountry "MLT"]
[SourceTitle "CBM 205 Extra"]
[Source "ChessBase"]
[SourceDate "2022.01.31"]
[SourceVersion "1"]
[SourceVersionDate "2022.01.31"]
[SourceQuality "1"]
[WhiteTeam "Malta"]
[BlackTeam "Monaco"]
[WhiteTeamCountry "MLT"]
[BlackTeamCountry "MNC"]

1. e4 c6 2. d4 d5 3. f3 e6 4. Nc3 Bb4 5. Bd2 Nf6 6. Qe2 dxe4 7. 0-0-0 Bxc3 8. Bxc3 Qd5 9. Kb1 b5 10. g4 e3 11. Nh3 Qd6 12. Qxe3 Nd5 13. Qd3 b4 14. Be1 Ba6 15. Qe4 Bxf1 16. Bg3 Qe7 17. Rhxf1 Nd7 18. Nf2 0-0 19. Ka1 a5 20. Nd3 a4 21. Be1 Rfb8 22. Rf2 Rb6 23. f4 b3 24. c4 N5f6 25. Qe2 a3 26. bxa3 Rxa3 27. Qf3 bxa2 28. Rb2 Rxb2 29. Kxb2 a1Q+ 30. Rxa1 Rxa1 31. Kxa1 Qa3+ 32. Kb1 Qb3+ 33. Ka1 Qxc4 34. Bf2 Qc3+ 35. Kb1 Nxg4 36. Be1 Nxh2 37. Qe2 Qc4 38. Bg3 Ng4 39. Qe4 Ngf6 40. Qe3 Qb3+ 41. Kc1 Qc3+ 42. Kd1 Nd5 43. Qe4 N7b6 44. Ke2 Qc2+ 45. Ke1 Nc3 46. Qe5 h5 47. Nf2 Qc1+ 0-1

[Event "EU-Cup Online Gr-B"]
[Site "Tornelo INT"]
[Date "2021.03.27"]
[Round "1.2"]
[White "Bagheri, Amir"]
[Black "Parkhov, Yair"]
[Result "1-0"]
[WhiteElo "2348"]
[BlackElo "2407"]
[PlyCount "107"]
[EventDate "2021.03.27"]
[EventType "team-tourn (rapid)"]
[EventRounds "9"]
[EventCountry "NET"]
[SourceTitle "CBM 201 Extra"]
[Source "ChessBase"]
[SourceDate "2021.05.31"]
[SourceVersion "1"]
[SourceVersionDate "2021.05.31"]
[SourceQuality "1"]
[WhiteTeam "Monte Carlo"]
[BlackTeam "Tsafrir Rehovot"]
[WhiteTeamCountry "MNC"]
[BlackTeamCountry "ISR"]

1. d4 Nf6 2. Nf3 d6 3. Bg5 Nbd7 4. Nbd2 e5 5. e3 h6 6. Bh4 Be7 7. c4 0-0 8. Qc2 Re8 9. Be2 Nh5 10. Bxe7 Qxe7 11. 0-0 Nhf6 12. Rfd1 e4 13. Ne1 Nf8 14. b4 Bg4 15. Nf1 Ng6 16. Bxg4 Nxg4 17. h3 Nf6 18. Ng3 Nh4 19. a4 Nh7 20. d5 f5 21. c5 Nf6 22. Rac1 Rad8 23. cxd6 cxd6 24. Qc7 Rd7 25. Qa5 b6 26. Qb5 g5 27. Ne2 Qe5 28. g3 Nf3+ 29. Kf1 Rde7 30. a5 bxa5 31. bxa5 Nh5 32. Nxf3 exf3 33. Nd4 Nxg3+ 34. Kg1 g4 35. Nc6 Ne2+ 36. Kh1 Qf6 37. Nxe7+ Rxe7 38. Qb8+ Kh7 39. Rc7 Rxc7 40. Qxc7+ Kg6 41. Qd7 h5 42. Rb1 Kg5 43. Qe6 h4 44. Qg8+ Kh5 45. Qh7+ Kg5 46. Qg8+ Kh6 47. hxg4 Qg6 48. Qxg6+ Kxg6 49. gxf5+ Kxf5 50. Rb7 Ke4 51. Rxa7 Kd3 52. a6 Kd2 53. Rf7 Ke1 54. Rxf3 1-0

[Event "FRA-chT 16 Final-A"]
[Site "Playchess.com INT"]
[Date "2021.01.16"]
[Round "4"]
[White "Bagheri, Amir"]
[Black "Burri, Quentin"]
[Result "0-1"]
[WhiteElo "2348"]
[BlackElo "2415"]
[PlyCount "28"]
[EventDate "2021.01.16"]
[EventType "team-tourn (blitz)"]
[EventRounds "15"]
[EventCountry "FRA"]
[SourceTitle "CBM 200 Extra"]
[Source "ChessBase"]
[SourceDate "2021.03.31"]
[SourceVersion "1"]
[SourceVersionDate "2021.03.31"]
[SourceQuality "1"]
[WhiteTeam "Monaco"]
[BlackTeam "Mulhouse"]
[WhiteTeamCountry "MNC"]
[BlackTeamCountry "FRA"]

1. d4 d5 2. Nf3 Nf6 3. Bf4 c5 4. c3 Nc6 5. dxc5 a5 6. Nbd2 e6 7. e3 Bxc5 8. Bd3 Qe7 9. Bg5 h6 10. Bh4 g5 11. Bg3 Nh5 12. e4 f5 13. Be5 0-0 14. Nd4 Nxe5 0-1

[Event "Cappelle Online Blitz op 1st"]
[Site "Europe Echecs INT"]
[Date "2021.01.10"]
[Round "4"]
[White "Bagheri, Amir"]
[Black "Basic, Bosko"]
[Result "1-0"]
[WhiteElo "2348"]
[BlackElo "1977"]
[PlyCount "85"]
[EventDate "2021.01.10"]
[EventType "swiss (blitz)"]
[EventRounds "11"]
[EventCountry "FRA"]
[SourceTitle "CBM 200 Extra"]
[Source "ChessBase"]
[SourceDate "2021.03.31"]
[SourceVersion "1"]
[SourceVersionDate "2021.03.31"]
[SourceQuality "1"]

1. d4 Nf6 2. Nf3 d5 3. Bf4 e6 4. e3 h6 5. h3 Bd6 6. Bxd6 Qxd6 7. c4 Qb4+ 8. Qd2 Qxd2+ 9. Nbxd2 c6 10. Bd3 0-0 11. 0-0-0 Nbd7 12. b3 Re8 13. e4 dxe4 14. Nxe4 Nxe4 15. Bxe4 e5 16. Nxe5 Nxe5 17. dxe5 Be6 18. f4 Rad8 19. Rxd8 Rxd8 20. Rd1 Rxd1+ 21. Kxd1 Kf8 22. Kd2 Ke7 23. Ke3 f5 24. exf6+ Kxf6 25. g4 g5 26. f5 Bd7 27. Kd4 b6 28. b4 Be8 29. a3 Bd7 30. a4 a6 31. a5 c5+ 32. bxc5 bxa5 33. c6 Bc8 34. Bc2 Ke7 35. Ke5 Kf7 36. Kd6 Kf6 37. c5 a4 38. Bxa4 a5 39. Bb5 h5 40. c7 h4 41. Bd7 a4 42. Bxc8 a3 43. Be6 1-0

[Event "Cappelle Online Blitz op 1st"]
[Site "Europe Echecs INT"]
[Date "2021.01.10"]
[Round "10"]
[White "Bagheri, Amir"]
[Black "Guliyev, Namig"]
[Result "1/2-1/2"]
[WhiteElo "2348"]
[BlackElo "2538"]
[PlyCount "108"]
[EventDate "2021.01.10"]
[EventType "swiss (blitz)"]
[EventRounds "11"]
[EventCountry "FRA"]
[SourceTitle "CBM 200 Extra"]
[Source "ChessBase"]
[SourceDate "2021.03.31"]
[SourceVersion "1"]
[SourceVersionDate "2021.03.31"]
[SourceQuality "1"]

1. d4 d5 2. Nf3 Nf6 3. Bf4 c5 4. c3 Nc6 5. e3 Qb6 6. Qb3 c4 7. Qc2 Bf5 8. Qc1 h6 9. Nbd2 e6 10. Be2 Be7 11. 0-0 Qd8 12. b3 b5 13. a4 a6 14. axb5 axb5 15. Ne5 Nxe5 16. Bxe5 0-0 17. Bxf6 Bxf6 18. b4 Qc7 19. Qb2 Qb7 20. Rxa8 Rxa8 21. Ra1 g5 22. Ra3 g4 23. Qa2 Rxa3 24. Qxa3 h5 25. Qa5 Kg7 26. g3 e5 27. Bf1 exd4 28. exd4 Qd7 29. Bg2 Qe8 30. Nf1 Qe1 31. Qxb5 Qxc3 32. Qxd5 Be6 33. Qxh5 Qxd4 34. Ne3 c3 35. Bf1 Qe4 36. b5 Bc8 37. b6 c2 38. Qc5 Bd4 39. Qxc2 Qxc2 40. Nxc2 Bxb6 41. Bd3 Kf6 42. Ne3 Ke5 43. Be2 Bxe3 44. fxe3 f5 45. Kf2 Bb7 46. Bd3 Bc6 47. Ke1 Bd5 48. Kf2 Bc6 49. Bf1 Bd5 50. h4 gxh3 51. Bxh3 Bc6 52. g4 fxg4 53. Bxg4 Bd5 54. e4 Bxe4 1/2-1/2

[Event "Cappelle Online Blitz op 1st"]
[Site "Europe Echecs INT"]
[Date "2021.01.10"]
[Round "5"]
[White "Ermeni, Avni"]
[Black "Bagheri, Amir"]
[Result "0-1"]
[WhiteElo "2150"]
[BlackElo "2348"]
[PlyCount "124"]
[EventDate "2021.01.10"]
[EventType "swiss (blitz)"]
[EventRounds "11"]
[EventCountry "FRA"]
[SourceTitle "CBM 200 Extra"]
[Source "ChessBase"]
[SourceDate "2021.03.31"]
[SourceVersion "1"]
[SourceVersionDate "2021.03.31"]
[SourceQuality "1"]

1. e4 c6 2. d4 d5 3. exd5 cxd5 4. Bd3 Nc6 5. c3 Nf6 6. Bf4 Bg4 7. Qb3 Qd7 8. Nd2 e6 9. Ngf3 Bd6 10. Bxd6 Qxd6 11. 0-0 0-0 12. Rfe1 Qc7 13. h3 Bxf3 14. Nxf3 Rab8 15. Qc2 Rfc8 16. Qe2 a6 17. Ne5 Nxe5 18. dxe5 Nd7 19. Rad1 b5 20. a3 Rb6 21. Bb1 Qd8 22. Rd4 Rc4 23. Rg4 Rxg4 24. Qxg4 Rc6 25. f4 h6 26. Kh2 Rc4 27. Bd3 Rc7 28. f5 Qg5 29. fxe6 Qxg4 30. exf7+ Kxf7 31. hxg4 Ke7 32. Kg3 Nc5 33. Bc2 Ne6 34. Rd1 d4 35. Rd3 dxc3 36. Rxc3 Rxc3+ 37. bxc3 g5 38. Kf3 Nc5 39. Ke3 Ne6 40. Bf5 Nf4 41. g3 Nd5+ 42. Kd4 Nb6 43. Kc5 Na4+ 44. Kb4 Nb6 45. Ka5 Nc4+ 46. Kxa6 Nxa3 47. Ka5 Nc4+ 48. Kxb5 Nxe5 49. c4 Kd6 50. c5+ Kc7 51. Be6 Nd3 52. Bf5 Nc1 53. c6 Ne2 54. Kc5 Nxg3 55. Kd5 h5 56. gxh5 Nxf5 57. Ke5 Nh6 58. Kf6 g4 59. Kg6 g3 60. Kxh6 g2 61. Kh7 g1Q 62. h6 Qg5 0-1

[Event "Cappelle Online Blitz op 1st"]
[Site "Europe Echecs INT"]
[Date "2021.01.10"]
[Round "7"]
[White "Tilicheev, Viacheslav"]
[Black "Bagheri, Amir"]
[Result "1-0"]
[WhiteElo "2503"]
[BlackElo "2348"]
[PlyCount "137"]
[EventDate "2021.01.10"]
[EventType "swiss (blitz)"]
[EventRounds "11"]
[EventCountry "FRA"]
[SourceTitle "CBM 200 Extra"]
[Source "ChessBase"]
[SourceDate "2021.03.31"]
[SourceVersion "1"]
[SourceVersionDate "2021.03.31"]
[SourceQuality "1"]

1. e4 c6 2. Nc3 d5 3. Qf3 d4 4. Bc4 e6 5. Nce2 c5 6. d3 Nc6 7. Qg3 g6 8. a3 Bg7 9. f4 Nge7 10. Nf3 0-0 11. 0-0 a6 12. Qh4 b5 13. Ba2 Ra7 14. f5 gxf5 15. Ng5 h6 16. exf5 Nxf5 17. Qg4 Ne5 18. Qh5 hxg5 19. Bxg5 Bf6 20. Bd2 Kg7 21. Rxf5 Rh8 22. Rxe5 Rxh5 23. Rxh5 Bb7 24. Rf1 Bd5 25. Bxd5 exd5 26. Bh6+ Kg6 27. Nf4+ Kh7 28. Nxd5 Kg6 29. Rxf6+ Kxh5 30. Nf4+ Kh4 31. h3 Qxf6 32. g3+ Kxg3 33. Nh5+ Kxh3 34. Nxf6 Re7 35. Kf2 Re6 36. Bg7 Kh4 37. Ne4 f5 38. Nxc5 Rg6 39. Bxd4 f4 40. Kf3 Kg5 41. b4 Kf5 42. Bf2 Rh6 43. c3 Rh3+ 44. Ke2 f3+ 45. Ke3 Kg4 46. Nd7 Rh6 47. Ne5+ Kf5 48. Nxf3 Re6+ 49. Kd2 Kf4 50. Nd4 Rg6 51. Be3+ Ke5 52. Ne2 Rg2 53. Bf4+ Kd5 54. Ke3 Rg4 55. Kd2 Rg2 56. Be3 Rh2 57. Bd4 Rg2 58. Ke3 Rh2 59. Nf4+ Kc6 60. Bc5 Ra2 61. d4 Rxa3 62. d5+ Kd7 63. Kd4 Ra1 64. Nd3 Rd1 65. Ke4 Rd2 66. Ne5+ Kc7 67. d6+ Kc8 68. d7+ Kc7 69. Be7 1-0

[Event "FRA-chT Top 16 Philidor"]
[Site "Playchess.com INT"]
[Date "2021.01.09"]
[Round "2"]
[White "Bagheri, Amir"]
[Black "Demuth, Adrien"]
[Result "1-0"]
[WhiteElo "2348"]
[BlackElo "2483"]
[PlyCount "151"]
[EventDate "2021.01.09"]
[EventType "team-tourn (rapid)"]
[EventRounds "12"]
[EventCountry "FRA"]
[SourceTitle "CBM 200 Extra"]
[Source "ChessBase"]
[SourceDate "2021.03.31"]
[SourceVersion "1"]
[SourceVersionDate "2021.03.31"]
[SourceQuality "1"]
[WhiteTeam "Monaco"]
[BlackTeam "Nice"]
[WhiteTeamCountry "MNC"]
[BlackTeamCountry "FRA"]

1. d4 d5 2. Nf3 c5 3. c3 e6 4. Bf4 Bd6 5. Bg3 cxd4 6. cxd4 Nc6 7. Nc3 Nge7 8. e3 a6 9. Bd3 b5 10. 0-0 0-0 11. Rc1 Bb7 12. a3 Na5 13. Nd2 Rc8 14. Nb3 Nc4 15. Qe2 Nf5 16. Bxf5 exf5 17. Bxd6 Qxd6 18. Nc5 Ba8 19. g3 Rfe8 20. Qc2 g6 21. Rcd1 h5 22. Ne2 h4 23. Rd3 Kg7 24. Kg2 Rh8 25. h3 hxg3 26. fxg3 Rhe8 27. Rf3 Qe7 28. Kf2 Nd6 29. b4 Ne4+ 30. Kg2 Rh8 31. h4 Rhe8 32. Nf4 Nd6 33. Kg1 Nc4 34. Ng2 Qd6 35. Qc3 Re7 36. Rd1 Rce8 37. Re1 Rh8 38. Kf2 Rhe8 39. Nf4 Rh8 40. Rh1 Rhe8 41. Ng2 Rh8 42. Nf4 Rhe8 43. h5 Rxe3 44. Rxe3 Rxe3 45. Qxe3 Nxe3 46. Kxe3 Qe7+ 47. Kf2 Qf6 48. Ke3 Qe7+ 49. Kf3 Qf6 50. hxg6 fxg6 51. Nce6+ Kg8 52. Rh6 Kf7 53. Rxg6 Qh8 54. Rg7+ Kf6 55. Rg6+ Kf7 56. Kg2 Bc6 57. Ng5+ Ke7 58. Rxc6 Qxd4 59. Re6+ Kd7 60. Nf3 Qb2+ 61. Kh3 Qxa3 62. Ne5+ Kc8 63. Nxd5 Qa1 64. Ne7+ Kd8 65. Nxf5 Qh1+ 66. Kg4 Qd1+ 67. Kg5 Qc1+ 68. Kf6 a5 69. bxa5 b4 70. a6 b3 71. a7 Qa1 72. Rb6 Qxa7 73. Nc6+ Kc7 74. Nxa7 Kxb6 75. Ne3 Kc5 76. Nd1 1-0

[Event "Titled Tuesday intern op 17th Nov"]
[Site "Chess.com INT"]
[Date "2020.11.17"]
[Round "2"]
[White "Bagheri, Amir"]
[Black "Hansen, Eric"]
[Result "0-1"]
[WhiteElo "2348"]
[BlackElo "2606"]
[PlyCount "64"]
[EventDate "2020.11.17"]
[EventType "swiss (blitz)"]
[EventRounds "11"]
[EventCountry "USA"]
[SourceTitle "CBM 199 Extra"]
[Source "ChessBase"]
[SourceDate "2021.01.31"]
[SourceVersion "1"]
[SourceVersionDate "2021.01.31"]
[SourceQuality "1"]

1. d4 Nf6 2. Nf3 g6 3. Bf4 Bg7 4. e3 0-0 5. Nbd2 d6 6. Be2 b6 7. h3 Bb7 8. 0-0 c5 9. c3 a6 10. a4 Nbd7 11. Qc2 Rc8 12. Bh2 Rc7 13. Rad1 Qa8 14. Rfe1 Rfc8 15. Qb3 Bd5 16. Qa3 h6 17. Bd3 Ne4 18. Nxe4 Bxe4 19. Bxe4 Qxe4 20. Qb3 Rb7 21. Nd2 Qc6 22. d5 Qc7 23. e4 b5 24. axb5 axb5 25. Ra1 c4 26. Qc2 Nc5 27. Re2 Qd7 28. Nf3 Nd3 29. b4 Nxb4 30. Qd2 Nd3 31. Nd4 b4 32. Nc6 Bxc3 0-1

[Event "Titled Tuesday intern op 17th Nov"]
[Site "Chess.com INT"]
[Date "2020.11.17"]
[Round "5"]
[White "Bagheri, Amir"]
[Black "Sviridov, Valery"]
[Result "0-1"]
[WhiteElo "2348"]
[BlackElo "2562"]
[PlyCount "74"]
[EventDate "2020.11.17"]
[EventType "swiss (blitz)"]
[EventRounds "11"]
[EventCountry "USA"]
[SourceTitle "CBM 199 Extra"]
[Source "ChessBase"]
[SourceDate "2021.01.31"]
[SourceVersion "1"]
[SourceVersionDate "2021.01.31"]
[SourceQuality "1"]

1. d4 g6 2. Nf3 Bg7 3. Bg5 d6 4. Nbd2 h6 5. Bh4 g5 6. Bg3 f5 7. e3 Nc6 8. Bc4 Nf6 9. h4 g4 10. Ng1 e5 11. dxe5 dxe5 12. Ne2 Qe7 13. c3 Nh5 14. Qa4 Bd7 15. Qc2 0-0-0 16. 0-0-0 Rhf8 17. e4 f4 18. Bh2 Bf6 19. f3 g3 20. Bg1 Ng7 21. Nb3 b6 22. h5 Be6 23. Bd5 Rd6 24. c4 Nb4 25. Qb1 c6 26. c5 Rdd8 27. Bxe6+ Qxe6 28. Nc3 b5 29. Na5 Rxd1+ 30. Kxd1 Rd8+ 31. Ke2 Rd7 32. a3 Nd3 33. Qxd3 Rxd3 34. Kxd3 Bd8 35. b4 Bxa5 36. bxa5 Qc4+ 37. Kd2 Qf1 0-1

[Event "Titled Tuesday intern op 17th Nov"]
[Site "Chess.com INT"]
[Date "2020.11.17"]
[Round "8"]
[White "Grieve, Harry"]
[Black "Bagheri, Amir"]
[Result "0-1"]
[WhiteElo "2351"]
[BlackElo "2348"]
[PlyCount "66"]
[EventDate "2020.11.17"]
[EventType "swiss (blitz)"]
[EventRounds "11"]
[EventCountry "USA"]
[SourceTitle "CBM 199 Extra"]
[Source "ChessBase"]
[SourceDate "2021.01.31"]
[SourceVersion "1"]
[SourceVersionDate "2021.01.31"]
[SourceQuality "1"]

1. d4 Nf6 2. Bg5 Ne4 3. Bf4 d5 4. e3 Bf5 5. f3 Nd6 6. Nd2 Nd7 7. c4 e6 8. Ne2 Nxc4 9. Nxc4 dxc4 10. e4 Bg6 11. Nc3 Nb6 12. Bxc4 Nxc4 13. Qa4+ c6 14. Qxc4 Bd6 15. Bxd6 Qxd6 16. e5 Qc7 17. h4 h6 18. a4 0-0 19. a5 a6 20. 0-0 Rad8 21. Rfd1 Qe7 22. g3 Rd7 23. Ra4 f6 24. f4 fxe5 25. dxe5 Rfd8 26. Raa1 Bd3 27. Qb3 Kh8 28. Qa3 Qf7 29. Na4 Qg6 30. Kh2 Qg4 31. Rd2 Bf5 32. Rf2 Qh3+ 33. Kg1 Rd1+ 0-1

[Event "Titled Tuesday intern op 17th Nov"]
[Site "Chess.com INT"]
[Date "2020.11.17"]
[Round "11"]
[White "Jarovinsky, Alexey"]
[Black "Bagheri, Amir"]
[Result "1-0"]
[WhiteElo "2305"]
[BlackElo "2348"]
[PlyCount "76"]
[EventDate "2020.11.17"]
[EventType "swiss (blitz)"]
[EventRounds "11"]
[EventCountry "USA"]
[SourceTitle "CBM 199 Extra"]
[Source "ChessBase"]
[SourceDate "2021.01.31"]
[SourceVersion "1"]
[SourceVersionDate "2021.01.31"]
[SourceQuality "1"]

1. Nc3 Nf6 2. e4 d6 3. d4 g6 4. Bg5 Bg7 5. Qd2 c6 6. Bh6 0-0 7. Bxg7 Kxg7 8. 0-0-0 Qa5 9. Kb1 b5 10. f3 b4 11. Nce2 c5 12. Nc1 Nc6 13. Nb3 Qb6 14. e5 dxe5 15. dxc5 Qc7 16. Bb5 a5 17. Ne2 a4 18. Nbc1 Be6 19. Qg5 h6 20. Qg3 Rfb8 21. Bxc6 Qxc6 22. Qxe5 b3 23. cxb3 axb3 24. Nd4 bxa2+ 25. Ka1 Qb7 26. Nxe6+ fxe6 27. Nd3 Ra6 28. g4 Rd8 29. g5 hxg5 30. Qxg5 Qb3 31. Rhg1 Rd5 32. Qxg6+ Kf8 33. c6 Rxc6 34. Qg7+ Ke8 35. Qh8+ Kd7 36. Ne5+ Kc7 37. Rxd5 Nxd5 38. Nxc6 Ne3 1-0